000
00310nam a22001337a 4500
008
210225b ||||| |||| 00| 0 eng d
020
_a
2900393922461
041
_a
eng
080
_2
13th
_a
94
100
_a
16
101
_a
SHH
245
_a
American Government Power And Purpose
_c
Lowi,J.T
942
_2
udc
_c
BK
999
_c
55217
_d
55217